000 00451nam a2200181Ia 4500
008 240925s9999 xx 000 0 und d
020 _a9789352865611
082 _a658.8 KOT
100 _aKotler, Philip
245 0 _aPrinciples of Marketing
250 _a17th
260 _aNew Delhi:
_bPearson Education
_c,2018.
300 _a460p.
_bNA
_fOriginal
500 _aIncludes Index
600 _aManagement
650 _aManagement
942 _cBK
999 _c15576
_d15576